Statystyki dla RASY KRÓW

Kliknij tutaj aby rozwiązać quiz!

Ogólne statystyki

  • Ten quiz został rozwiązany 467 razy
  • Średni wynik to 9 z 16

Statystyki odpowiedzi

Odpowiedź% Poprawnych
Jersey
93%
Holsztyńsko-Fryzyjska
85%
Aberdeen Angus
84%
Białogrzbieta
69%
Hereford
66%
Highland
66%
Polska Biało-Czarna
65%
Simental
55%
Piemontese
54%
Limousine
50%
Galloway
49%
Belgijska Biało-Błękitna
43%
Ayrshire
34%
Shorthorn Mleczny
26%
Blonde d'Aquitaine
21%
Teksaska Długoroga
8%

Rozkład punktacji

Percentyl według liczby udzielonych odpowiedzi

Procent ludzi z każdym wynikiem

Twoja historia wyników

Nie rozwiązałeś tego quizu